000 00253nam a2200085Ia 4500
008 240331s9999 xx 000 0 und d
100 _aBandaranayake,S
245 0 _aContinuities and Transformations :
_bStudies in Sri Lanka Archaelogy and History
942 _cL
999 _c5773
_d5773